Las facturas común y electrónica y el nuevo Código unificado (Registro nro. 19660)

Detalles MARC
000 -LEADER
fixed length control field 00344 a2200109 4500
001 - CONTROL NUMBER
control field ART_37964
005 - DATE AND TIME OF LATEST TRANSACTION
control field 20260410161751.0
008 - FIXED-LENGTH DATA ELEMENTS--GENERAL INFORMATION
fixed length control field 260409a
100 1# - MAIN ENTRY--PERSONAL NAME
Personal name García, Fernando D.
245 10 - TITLE STATEMENT
Title Las facturas común y electrónica y el nuevo Código unificado
773 0# - HOST ITEM ENTRY
Title Doctrina tributaria
Related parts - Nº 426 (sep. 2015)
Record control number REV4296

No hay ítems disponibles.